Universidad Católica y cultura nacional en los años 60. Los intelectuales tradicionales y el movimiento estudiantil

Saved in:
Bibliografiske detaljer
Hovedforfatter: Brunner, José Joaquín (Author)
Format: Bog
Sprog:spansk
Udgivet: Santiago FLACSO 1981
Serier:Documento de Trabajo. Programa FLACSO, 127
Fag:
Tags: Tilføj Tag
Ingen Tags, Vær først til at tagge denne postø!

MARC

LEADER 00000nam a2200000 a 4500
001 UCZ6805
003 CL-VaPUC
008 951215e19811000CL |||||||||||||||||spa|d
082 0 4 |a 378.155  |b BRU  |2 21 
100 0 |a Brunner, José Joaquín  |e author  |9 351312 
245 1 0 |a Universidad Católica y cultura nacional en los años 60. Los intelectuales tradicionales y el movimiento estudiantil 
300 |a 201 p 
942 |c BK 
945 |d 19951215 00:00:00  |a cmena 
260 |a Santiago  |b FLACSO  |c 1981 
600 0 7 |a PONTIFICIA UNIVERSIDAD CATOLICA DE CHILE  |2 CL-VaPUC  |9 314003 
650 0 |a Universidades  |9 256317 
650 0 |a Educación superior   |9 223851 
650 0 |a Ciencias sociales   |9 256351 
650 0 |a Sociología   |9 255410 
650 0 |a Ciencias sociales  |v Investigación  |9 307767 
650 0 |a Desarrollo económico y social   |9 256320 
650 0 |a Cultura  |9 269059 
650 7 |a SOCIOLOGIA ESTUDIANTIL  |2 CL-VaPUC  |9 338191 
650 0 |a Agitación estudiantil  |9 338190 
651 7 |a CHILE  |2 CL-VaPUC  |9 351313 
583 |a last modification  |c 19951215 00:00:00  |k Rodrigo Vera 
490 0 |a Documento de Trabajo. Programa FLACSO, 127 
999 |c 242968  |d 242966 
952 |0 0  |1 0  |4 0  |6 378_155000000000000_BRU_1981  |7 0  |8 P  |9 256306  |a BIBEDU  |b BIBEDU  |c BIBEDU_PB  |d 2019-11-19  |i 1609033  |o 378.155 BRU 1981  |p 1609033  |r 2019-11-19  |w 2019-11-19  |y BK  |k EDU